Statistics for Guess the country singer

Click here to take the quiz!

General Stats

  • This quiz has been taken 18 times
    (15 since last reset)
  • The average score is 5 of 19

Answer Stats

Answer% Correct
Luke Bryan
73%
Taylor Swift
73%
Jason Aldean
64%
Miranda Lambert
64%
Morgan Wallen
64%
Kane Brown
45%
Luke Combs
36%
HARDY
27%
Chris Stapleton
18%
Kenney Chesney
18%
Lainey Wilson
18%
Brett Young
9%
Jordan Davis
9%
Austin Snell
0%
Corey Kent
0%
Dustin Lynch
0%
Jackson Dean
0%
Josh Turner
0%
Nate Smith
0%

Score Distribution

Percentile by Number Answered

Percent of People with Each Score

Your Score History

You have not taken this quiz since the last reset